000 01239nam a2200301 a 4500
001 ebr10467634
003 CaPaEBR
006 m u
007 cr cn|||||||||
008 110518s2011 enka s 001 0 eng d
020 _z9781849690461
020 _z9781849690478 (e-book)
040 _aCaPaEBR
_cCaPaEBR
035 _a(OCoLC)795233556
050 1 4 _aQA76.73.J38
_bA45 2011eb
100 1 _aAllana, Sonal Aneel.
245 1 0 _aASP.NET jQuery cookbook
_h[electronic resource] :
_bover 60 practical recipes for integrating jQuery with ASP.NET /
_cSonal Aneel Allana.
260 _aOlton, Birmingham :
_bPackt Pub.,
_c2011.
300 _aiii, 291 p. :
_bill. (some col.).
490 0 _aQuick answers to common problems
500 _aIncludes index.
533 _aElectronic reproduction.
_bPalo Alto, Calif. :
_cebrary,
_d2011.
_nAvailable via World Wide Web.
_nAccess may be limited to ebrary affiliated libraries.
650 0 _aJavaScript (Computer program language)
650 0 _aQuery languages (Computer science)
655 7 _aElectronic books.
_2local
710 2 _aebrary, Inc.
856 4 0 _uhttp://site.ebrary.com/lib/rucke/Doc?id=10467634
_zAn electronic book accessible through the World Wide Web; click to view
999 _c131504
_d131504